Význam dokumentácie interného audítora v oblasti zásob diplomová práca

Na minha lista:
Detalhes bibliográficos
Autor principal: Gireth, Erik
Autor Corporativo: Fakulta hospodárskej informatiky EU. Katedra účtovníctva a audítorstva
Outros Autores: Vépyová, Mária
Formato: Livro
Idioma:eslovaco
Publicado em: Bratislava 2012
Tags: Adicionar Tag
Sem tags, seja o primeiro a adicionar uma tag!

MARC

LEADER 00000nbm a2200000 4500
001 0154664
005 20161109102135.5
041 0 |a slo 
044 |a SK 
245 1 0 |a Význam dokumentácie interného audítora v oblasti zásob  |b diplomová práca  |c Erik Gireth ; školiteľ: Mária Vépyová 
264 1 |a Bratislava  |c 2012 
300 |a 62 s. 
100 1 |a Gireth, Erik 
700 1 |a Vépyová, Mária 
710 2 |a Fakulta hospodárskej informatiky EU. Katedra účtovníctva a audítorstva